Pays qui commencent par la lettre S - Statistiques

Statistiques générales
  • Ce quiz a été pris 1 206 fois
  • Le résultat moyen est 17 sur 23
Statistiques - réponses
Continent Pays % Correct
Europe Slovaquie
91%
Europe Slovénie
91%
Europe Suède
89%
Europe Suisse
88%
Afrique Soudan
87%
Europe Serbie
84%
Afrique Somalie
82%
Amérique Suriname
79%
Afrique Soudan du sud
78%
Europe Saint-Marin
76%
Afrique Sénégal
72%
Amérique Salvador
70%
Asie Syrie
69%
Asie Sri Lanka
67%
Amérique Sainte-Lucie
66%
Afrique Seychelles
63%
Asie Singapour
63%
Amérique Saint-Vincent-et-les-Grenadines
62%
Océanie Samoa
62%
Amérique Saint-Christophe-et-Niévès
61%
Afrique Sierra Leone
59%
Afrique Sao Tomé-et-Principe
57%
Océanie Iles Salomon
54%
Aucun quiz correspondant
Distribution des résultats
% des personnes avec chaque résultat
Percentile par nombre de réponses
Votre historique - résultats
Vous n’avez pas pris ce quiz